Vedecké riadenie Odborná terminológia

Salvato in:
Dettagli Bibliografici
Natura: Periodico
Lingua:slovacco
Pubblicazione: Bratislava Inštitút riad. 1985
Tags: Aggiungi Tag
Nessun Tag, puoi essere il primo ad aggiungerne!!

MARC

LEADER 00000nas2a2200000 4500
001 s026456
005 20250730114135.6
041 0 |a slo 
044 |a SK 
245 1 0 |a Vedecké riadenie  |b Odborná terminológia 
264 1 |a Bratislava  |b Inštitút riad.  |c 1985 
300 |a 2 zv. 
773 0 |w eu_un_cat*s120878